[Event "Titled Tuesday intern op 21st Dec"]
[Site "Chess.com INT"]
[Date "2021.12.21"]
[Round "1"]
[White "Krallis, Christos"]
[Black "Iturrizaga Bonelli, Eduardo"]
[Result "1-0"]
[WhiteElo "2401"]
[BlackElo "2606"]
[PlyCount "151"]
[EventDate "2021.12.21"]
[EventType "swiss (blitz)"]
[EventRounds "11"]
[EventCountry "USA"]
[SourceTitle "CBM 205 Extra"]
[Source "ChessBase"]
[SourceDate "2022.01.31"]
[SourceVersion "1"]
[SourceVersionDate "2022.01.31"]
[SourceQuality "1"]

1. e4 c5 2. Nf3 Nc6 3. d4 cxd4 4. Nxd4 g6 5. c4 Nf6 6. Nc3 d6 7. Be2 Bg7 8. Be3 O-O 9. O-O Bd7 10. h3 Nxd4 11. Bxd4 Bc6 12. Qc2 a5 13. Rfd1 a4 14. b4 axb3 15. axb3 Rxa1 16. Rxa1 Nd7 17. Bxg7 Kxg7 18. b4 Nf6 19. Qb2 Kg8 20. Bd3 Qb6 21. b5 Bd7 22. Na4 Qc7 23. e5 dxe5 24. c5 e4 25. Bc4 Qf4 26. Nb6 Bf5 27. Qc1 Qe5 28. c6 bxc6 29. bxc6 Kg7 30. Bf1 Rb8 31. Ra6 Qc7 32. Qc5 h5 33. Nc4 Rc8 34. Ra7 Qxc6 35. Qxe7 Qe6 36. Nd6 Rf8 37. Bc4 Nd5 38. Bxd5 Qxd5 39. Ne8+ Rxe8 40. Qxe8 Qd1+ 41. Kh2 Qd6+ 42. g3 Be6 43. Qe7 Qd4 44. Kg2 e3 45. Qxe6 Qxa7 46. Qe5+ Kh7 47. Qxe3 Qxe3 48. fxe3 Kg7 49. Kf3 Kf6 50. h4 Kf5 51. e4+ Ke5 52. Ke3 f6 53. Kd3 g5 54. hxg5 fxg5 55. Ke3 g4 56. Kd3 Kf6 57. Kd2 Kg5 58. Ke3 Kg6 59. Kf4 Kf6 60. e5+ Ke6 61. Ke4 Ke7 62. Kf5 Kf7 63. Kg5 Ke6 64. Kxh5 Kf5 65. Kh4 Kxe5 66. Kxg4 Kf6 67. Kh5 Kg7 68. Kg5 Kf7 69. Kf5 Kg7 70. Kg5 Kh7 71. Kf6 Kh6 72. g4 Kh7 73. g5 Kh8 74. g6 Kg8 75. g7 Kh7 76. Kf7 1-0

[Event "Titled Tuesday intern op 21st Dec"]
[Site "Chess.com INT"]
[Date "2021.12.21"]
[Round "1"]
[White "Kucuksari, Kaan"]
[Black "Krzywda, Andrzej"]
[Result "1-0"]
[WhiteElo "2337"]
[BlackElo "2110"]
[PlyCount "73"]
[EventDate "2021.12.21"]
[EventType "swiss (blitz)"]
[EventRounds "11"]
[EventCountry "USA"]
[SourceTitle "CBM 205 Extra"]
[Source "ChessBase"]
[SourceDate "2022.01.31"]
[SourceVersion "1"]
[SourceVersionDate "2022.01.31"]
[SourceQuality "1"]

1. d4 Nf6 2. c4 c5 3. d5 b5 4. cxb5 a6 5. bxa6 g6 6. Nc3 Bg7 7. e4 O-O 8. Nf3 Qa5 9. Bd2 Qb4 10. Bd3 Bxa6 11. Nb5 Qxb2 12. Bc3 Qxb5 13. Bxb5 Bxb5 14. a4 Ba6 15. Nd2 d6 16. f3 Nfd7 17. Bxg7 Kxg7 18. Kf2 Ne5 19. h4 h5 20. g4 hxg4 21. h5 gxf3 22. Nxf3 Nbd7 23. Qd2 Nxf3 24. Kxf3 Ne5+ 25. Kg2 Bd3 26. hxg6 Bxe4+ 27. Kg3 Bxh1 28. Rxh1 Rh8 29. Rxh8 Rxh8 30. gxf7 Kxf7 31. a5 Rg8+ 32. Kf4 Rg4+ 33. Kf5 Rh4 34. a6 Ra4 35. Qh6 Rxa6 36. Qh7+ Kf8 37. Ke6 1-0

[Event "Titled Tuesday intern op 21st Dec"]
[Site "Chess.com INT"]
[Date "2021.12.21"]
[Round "1"]
[White "Kusluvan, Yekaterina"]
[Black "Weishaeutel, Moritz"]
[Result "0-1"]
[WhiteElo "2112"]
[BlackElo "2371"]
[PlyCount "62"]
[EventDate "2021.12.21"]
[EventType "swiss (blitz)"]
[EventRounds "11"]
[EventCountry "USA"]
[SourceTitle "CBM 205 Extra"]
[Source "ChessBase"]
[SourceDate "2022.01.31"]
[SourceVersion "1"]
[SourceVersionDate "2022.01.31"]
[SourceQuality "1"]

1. e4 c5 2. Nf3 e6 3. c3 d5 4. exd5 Qxd5 5. d4 Nf6 6. Bd3 Nc6 7. O-O cxd4 8. cxd4 Be7 9. Nc3 Qd6 10. Bg5 O-O 11. Rc1 Rd8 12. Nb5 Qd7 13. Bb1 a6 14. Nc3 Nxd4 15. Ne5 Qe8 16. Qd3 Nc6 17. Nxc6 Rxd3 18. Nxe7+ Qxe7 19. Bxd3 h6 20. Bh4 Bd7 21. Ne4 g5 22. Nxf6+ Qxf6 23. Bg3 Bc6 24. b3 Rd8 25. Bc4 h5 26. Rfe1 h4 27. Be5 Qf5 28. h3 g4 29. Re3 gxh3 30. g3 h2+ 31. Kxh2 Qxf2+ 0-1

[Event "Titled Tuesday intern op 21st Dec"]
[Site "Chess.com INT"]
[Date "2021.12.21"]
[Round "1"]
[White "Lauridsen, Jesper Morck"]
[Black "Vlassov, Nikolai"]
[Result "0-1"]
[WhiteElo "2215"]
[BlackElo "2294"]
[PlyCount "56"]
[EventDate "2021.12.21"]
[EventType "swiss (blitz)"]
[EventRounds "11"]
[EventCountry "USA"]
[SourceTitle "CBM 205 Extra"]
[Source "ChessBase"]
[SourceDate "2022.01.31"]
[SourceVersion "1"]
[SourceVersionDate "2022.01.31"]
[SourceQuality "1"]

1. Nf3 c5 2. e3 g6 3. d4 Bg7 4. dxc5 Nf6 5. Bd2 O-O 6. Bc3 Na6 7. b4 b6 8. cxb6 Qxb6 9. Nbd2 Bb7 10. Be2 Rac8 11. Bd4 Qe6 12. a3 Nc7 13. Bxa7 Ncd5 14. Bd4 Ng4 15. c4 Ndxe3 16. fxe3 Nxe3 17. Bxe3 Qxe3 18. Rb1 Bc3 19. Kf1 g5 20. h3 f5 21. Rb3 g4 22. Rxc3 Qxc3 23. Ng5 h6 24. h4 hxg5 25. hxg5 Qxa3 26. Qe1 Kg7 27. Rh6 Rh8 28. Qh4 Qc1+ 0-1

[Event "Titled Tuesday intern op 21st Dec"]
[Site "Chess.com INT"]
[Date "2021.12.21"]
[Round "1"]
[White "Le Goff, Ronan"]
[Black "Hakobyan, Aram"]
[Result "0-1"]
[WhiteElo "2280"]
[BlackElo "2602"]
[PlyCount "62"]
[EventDate "2021.12.21"]
[EventType "swiss (blitz)"]
[EventRounds "11"]
[EventCountry "USA"]
[SourceTitle "CBM 205 Extra"]
[Source "ChessBase"]
[SourceDate "2022.01.31"]
[SourceVersion "1"]
[SourceVersionDate "2022.01.31"]
[SourceQuality "1"]

1. d4 Nf6 2. Nf3 b6 3. e3 Bb7 4. Bd3 e6 5. O-O c5 6. c4 Bxf3 7. Qxf3 Nc6 8. Nc3 cxd4 9. Ne4 Ne5 10. Nxf6+ gxf6 11. Qe2 dxe3 12. Bxe3 Qc7 13. Be4 Rc8 14. b3 Bc5 15. Bh6 Rg8 16. g3 Ng4 17. Bf4 Bd6 18. Bxd6 Qxd6 19. Rad1 Qc5 20. Bxh7 Qh5 21. h4 Qxh7 22. Rd4 Ne5 23. Rfd1 Rd8 24. Rf4 Qh6 25. Kf1 d6 26. Qe4 Ke7 27. Re1 Rd7 28. a4 Qg6 29. Qe3 Nd3 30. h5 Qh7 31. Rxf6 Kxf6 0-1

[Event "Titled Tuesday intern op 21st Dec"]
[Site "Chess.com INT"]
[Date "2021.12.21"]
[Round "1"]
[White "Maksimovic, Bojan"]
[Black "Pein, Jonathan"]
[Result "0-1"]
[WhiteElo "2451"]
[BlackElo "2229"]
[PlyCount "82"]
[EventDate "2021.12.21"]
[EventType "swiss (blitz)"]
[EventRounds "11"]
[EventCountry "USA"]
[SourceTitle "CBM 205 Extra"]
[Source "ChessBase"]
[SourceDate "2022.01.31"]
[SourceVersion "1"]
[SourceVersionDate "2022.01.31"]
[SourceQuality "1"]

1. e4 g6 2. d4 Bg7 3. Nc3 c5 4. Nf3 cxd4 5. Nxd4 Nc6 6. Be3 Nf6 7. Bc4 Qb6 8. Nf5 Qxb2 9. Nxg7+ Kf8 10. Nd5 Kxg7 11. Nxf6 Qc3+ 12. Bd2 Qxc4 13. Nd5 Qxe4+ 14. Be3 Qxg2 15. Ke2 d6 16. Qd3 Bg4+ 17. Kd2 Ne5 18. Nf4 Qxh1 19. Rxh1 Nxd3 20. cxd3 b6 21. h3 Bf3 22. Rb1 Rac8 23. a4 Rc6 24. a5 bxa5 25. Bxa7 Ra8 26. Bd4+ e5 27. Ba1 Rac8 28. d4 Rc2+ 29. Ke3 exf4+ 30. Kxf3 Rc1 31. d5+ Kh6 32. Bf6 Rxb1 33. h4 Rg1 34. Kxf4 Rc4+ 35. Ke3 a4 36. Kd3 Rc5 37. Ke4 a3 38. f4 Rc4+ 39. Kd3 Rxf4 40. Bg5+ Rxg5 41. hxg5+ Kxg5 0-1

[Event "Titled Tuesday intern op 21st Dec"]
[Site "Chess.com INT"]
[Date "2021.12.21"]
[Round "1"]
[White "Manon Og, Ramon Jr"]
[Black "Zarnicki, Pablo Adrian"]
[Result "0-1"]
[WhiteElo "2064"]
[BlackElo "2514"]
[PlyCount "68"]
[EventDate "2021.12.21"]
[EventType "swiss (blitz)"]
[EventRounds "11"]
[EventCountry "USA"]
[SourceTitle "CBM 205 Extra"]
[Source "ChessBase"]
[SourceDate "2022.01.31"]
[SourceVersion "1"]
[SourceVersionDate "2022.01.31"]
[SourceQuality "1"]

1. e4 c5 2. Nf3 d6 3. Bb5+ Qd7 4. Bxd7+ Bxd7 5. O-O Nc6 6. d4 cxd4 7. Nxd4 Nf6 8. Nxc6 bxc6 9. e5 dxe5 10. Re1 e6 11. Bg5 Nd5 12. c4 Nb6 13. b3 f6 14. Be3 c5 15. Nc3 Be7 16. Nb5 O-O 17. Qh5 Be8 18. Qh3 Bf7 19. Nc7 Rac8 20. Nxe6 Rfe8 21. Rad1 Rc6 22. Nxc5 Bxc5 23. Bxc5 Rxc5 24. Rd6 Rc7 25. Qg3 Rce7 26. Rxf6 Bg6 27. Rd6 Nd7 28. h4 Nf6 29. Qg5 Ne4 30. Rxe4 Bxe4 31. c5 h6 32. Rxh6 Bh7 33. h5 e4 34. Rd6 Re5 0-1

[Event "Titled Tuesday intern op 21st Dec"]
[Site "Chess.com INT"]
[Date "2021.12.21"]
[Round "1"]
[White "Maranhao, Jose Renato Ruiz"]
[Black "Kjartansson, Gudmundur"]
[Result "0-1"]
[WhiteElo "1923"]
[BlackElo "2460"]
[PlyCount "70"]
[EventDate "2021.12.21"]
[EventType "swiss (blitz)"]
[EventRounds "11"]
[EventCountry "USA"]
[SourceTitle "CBM 205 Extra"]
[Source "ChessBase"]
[SourceDate "2022.01.31"]
[SourceVersion "1"]
[SourceVersionDate "2022.01.31"]
[SourceQuality "1"]

1. e4 c6 2. d4 d5 3. e5 Bf5 4. Nf3 e6 5. Be2 c5 6. O-O Nc6 7. c3 cxd4 8. Nxd4 Nge7 9. f4 Nxd4 10. Qxd4 Nc6 11. Bb5 a6 12. Bxc6+ bxc6 13. b3 c5 14. Qa4+ Qd7 15. Qxd7+ Kxd7 16. Nd2 Be7 17. Rd1 a5 18. Nc4 Kc6 19. Ne3 Be4 20. c4 d4 21. Nf1 a4 22. Bb2 Bc2 23. Rd2 axb3 24. axb3 Rxa1 25. Bxa1 Bxb3 26. g4 Bxc4 27. f5 Rb8 28. Bb2 Bg5 29. Rf2 Kd5 30. fxe6 fxe6 31. Ng3 Be3 32. Ba3 Rb1+ 33. Kg2 Bxf2 34. Kxf2 Ra1 35. Bb2 Ra2 0-1

[Event "Titled Tuesday intern op 21st Dec"]
[Site "Chess.com INT"]
[Date "2021.12.21"]
[Round "1"]
[White "Marcziter, Dmitrii"]
[Black "Bykov, Egor"]
[Result "1/2-1/2"]
[WhiteElo "2264"]
[BlackElo "2416"]
[PlyCount "103"]
[EventDate "2021.12.21"]
[EventType "swiss (blitz)"]
[EventRounds "11"]
[EventCountry "USA"]
[SourceTitle "CBM 205 Extra"]
[Source "ChessBase"]
[SourceDate "2022.01.31"]
[SourceVersion "1"]
[SourceVersionDate "2022.01.31"]
[SourceQuality "1"]

1. e4 e5 2. Nf3 Nc6 3. Bc4 Bc5 4. c3 Nf6 5. d4 exd4 6. cxd4 Bb4+ 7. Nc3 Nxe4 8. O-O Bxc3 9. d5 Ne5 10. bxc3 Nxc4 11. Qd4 O-O 12. Qxe4 Nd6 13. Qd3 Qf6 14. Ba3 b6 15. Rfe1 Bb7 16. c4 Rfe8 17. h3 h6 18. Rab1 Ba6 19. Nd2 Rxe1+ 20. Rxe1 Re8 21. Rxe8+ Nxe8 22. Qe2 Nd6 23. Bxd6 cxd6 24. Qe8+ Kh7 25. Qxd7 Qa1+ 26. Kh2 Qe5+ 27. g3 Qd4 28. Qf5+ Kg8 29. Ne4 g6 30. Qf4 Qxc4 31. Nf6+ Kg7 32. Qxd6 Qe2 33. Qf4 g5 34. Qf5 Bd3 35. Nh5+ Kg8 36. Nf6+ Kf8 37. Qc8+ Ke7 38. Ng8+ Kd6 39. Qd8+ Kc5 40. Qc7+ Kb5 41. Qd7+ Ka6 42. Qa4+ Kb7 43. Qc6+ Ka6 44. Qa4+ Kb7 45. Qc6+ Kb8 46. Qf6 Be4 47. Qd6+ Kb7 48. Qc6+ Ka6 49. Qa4+ Kb7 50. Qc6+ Kb8 51. Qd6+ Kb7 52. Qc6+ 1/2-1/2

[Event "Titled Tuesday intern op 21st Dec"]
[Site "Chess.com INT"]
[Date "2021.12.21"]
[Round "1"]
[White "Mardov, Dimitar"]
[Black "Franca, Willian Bento"]
[Result "1-0"]
[WhiteElo "2394"]
[BlackElo "2179"]
[PlyCount "69"]
[EventDate "2021.12.21"]
[EventType "swiss (blitz)"]
[EventRounds "11"]
[EventCountry "USA"]
[SourceTitle "CBM 205 Extra"]
[Source "ChessBase"]
[SourceDate "2022.01.31"]
[SourceVersion "1"]
[SourceVersionDate "2022.01.31"]
[SourceQuality "1"]

1. e4 d6 2. d4 Nf6 3. Nc3 g6 4. g3 Bg7 5. Bg2 O-O 6. Nge2 Nbd7 7. O-O c5 8. d5 Rb8 9. a4 a6 10. a5 b5 11. axb6 Nxb6 12. b3 e6 13. dxe6 fxe6 14. Bf4 Ne8 15. Qd2 Bb7 16. Rfd1 Nc8 17. Bh6 Qf6 18. Bxg7 Kxg7 19. f4 Nc7 20. Rf1 Rf7 21. Rae1 Nb5 22. e5 dxe5 23. fxe5 Qxe5 24. Rxf7+ Kxf7 25. Qd7+ Ne7 26. Rf1+ Kg8 27. Bxb7 Nxc3 28. Nxc3 Nf5 29. Ne4 Rf8 30. Rf2 Nd4 31. Rxf8+ Kxf8 32. Qd8+ Kg7 33. Qe7+ Kg8 34. Nf6+ Kh8 35. Qxh7# 1-0

[Event "Titled Tuesday intern op 21st Dec"]
[Site "Chess.com INT"]
[Date "2021.12.21"]
[Round "1"]
[White "Martic, Ivan"]
[Black "Fanha, Paulo Alexandre Mar"]
[Result "0-1"]
[WhiteElo "2287"]
[BlackElo "1665"]
[PlyCount "66"]
[EventDate "2021.12.21"]
[EventType "swiss (blitz)"]
[EventRounds "11"]
[EventCountry "USA"]
[SourceTitle "CBM 205 Extra"]
[Source "ChessBase"]
[SourceDate "2022.01.31"]
[SourceVersion "1"]
[SourceVersionDate "2022.01.31"]
[SourceQuality "1"]

1. e4 c6 2. d4 d5 3. e5 Bf5 4. h4 h6 5. g4 Be4 6. f3 Bh7 7. h5 e6 8. f4 Ne7 9. Bd3 Bxd3 10. Qxd3 c5 11. c3 Nec6 12. Nf3 cxd4 13. Nxd4 Nxd4 14. cxd4 Nc6 15. Nc3 Qb6 16. Be3 Bb4 17. a3 Bxc3+ 18. bxc3 Na5 19. O-O-O Qb3 20. Kd2 Nc4+ 21. Ke1 Nb2 22. Qb1 Qxd1+ 23. Qxd1 Nxd1 24. Kxd1 Kd7 25. f5 Rac8 26. Kc2 Rc4 27. Rf1 b5 28. Kb3 Rhc8 29. Bd2 Ke8 30. f6 gxf6 31. Rxf6 a5 32. Rxh6 Kf8 33. Rxe6 fxe6 0-1

[Event "Titled Tuesday intern op 21st Dec"]
[Site "Chess.com INT"]
[Date "2021.12.21"]
[Round "1"]
[White "Martin Carmona, Gaston Manuel"]
[Black "Butti, Enrique"]
[Result "1-0"]
[WhiteElo "2362"]
[BlackElo "2065"]
[PlyCount "63"]
[EventDate "2021.12.21"]
[EventType "swiss (blitz)"]
[EventRounds "11"]
[EventCountry "USA"]
[SourceTitle "CBM 205 Extra"]
[Source "ChessBase"]
[SourceDate "2022.01.31"]
[SourceVersion "1"]
[SourceVersionDate "2022.01.31"]
[SourceQuality "1"]

1. d4 Nf6 2. Bf4 g6 3. e3 Bg7 4. Be2 O-O 5. h3 d6 6. Nf3 Nc6 7. O-O Nd7 8. c3 e5 9. Bh2 f5 10. a4 a6 11. Na3 Kh8 12. Nc4 Qe7 13. dxe5 Ndxe5 14. Nfxe5 Nxe5 15. Nxe5 Bxe5 16. Bxe5+ Qxe5 17. Qd4 Re8 18. Qxe5+ Rxe5 19. Bf3 c6 20. c4 Be6 21. Rac1 d5 22. c5 Bd7 23. Rfd1 Rf8 24. Rd4 Bc8 25. b4 g5 26. g3 Re7 27. Kg2 Ref7 28. Rb1 f4 29. exf4 gxf4 30. g4 Rg7 31. Kh2 Re8 32. Rxf4 1-0

[Event "Titled Tuesday intern op 21st Dec"]
[Site "Chess.com INT"]
[Date "2021.12.21"]
[Round "1"]
[White "Mkrtchian, Lilit"]
[Black "Altucher, James"]
[Result "1-0"]
[WhiteElo "2378"]
[BlackElo "1839"]
[PlyCount "55"]
[EventDate "2021.12.21"]
[EventType "swiss (blitz)"]
[EventRounds "11"]
[EventCountry "USA"]
[SourceTitle "CBM 205 Extra"]
[Source "ChessBase"]
[SourceDate "2022.01.31"]
[SourceVersion "1"]
[SourceVersionDate "2022.01.31"]
[SourceQuality "1"]

1. e4 g6 2. d4 Bg7 3. Nc3 d6 4. Be3 a6 5. Qd2 b5 6. h4 h6 7. Bd3 Nd7 8. a4 b4 9. Nce2 c5 10. c3 bxc3 11. bxc3 Bb7 12. Nf3 Qc7 13. O-O Ngf6 14. Ng3 Ng4 15. Rab1 Nxe3 16. Qxe3 O-O 17. Rfe1 Rab8 18. h5 g5 19. Nf5 Nf6 20. Nxg5 e6 21. Nxg7 Kxg7 22. e5 Ng8 23. Ne4 dxe5 24. Qg3+ Kh8 25. dxe5 f5 26. exf6 Qxg3 27. Nxg3 Rxf6 28. Bxa6 1-0

[Event "Titled Tuesday intern op 21st Dec"]
[Site "Chess.com INT"]
[Date "2021.12.21"]
[Round "1"]
[White "Nastore, Pavel Alexandru"]
[Black "Shyam, Nikil P"]
[Result "0-1"]
[WhiteElo "2329"]
[BlackElo "2442"]
[PlyCount "87"]
[EventDate "2021.12.21"]
[EventType "swiss (blitz)"]
[EventRounds "11"]
[EventCountry "USA"]
[SourceTitle "CBM 205 Extra"]
[Source "ChessBase"]
[SourceDate "2022.01.31"]
[SourceVersion "1"]
[SourceVersionDate "2022.01.31"]
[SourceQuality "1"]

1. d4 Nf6 2. Nf3 d6 3. g3 g6 4. Bg2 Bg7 5. O-O O-O 6. c4 Nc6 7. d5 Na5 8. Qa4 c5 9. Bd2 b6 10. Na3 Bd7 11. Qc2 Bf5 12. Qa4 Nb7 13. Nh4 Bd7 14. Qc2 a6 15. e4 b5 16. b3 b4 17. Nb1 Ne8 18. e5 Bxe5 19. Bh6 Bxa1 20. Bxf8 Kxf8 21. Nd2 Bg7 22. Ne4 Kg8 23. f4 Nf6 24. f5 Nxe4 25. Bxe4 Be8 26. Nf3 a5 27. Ng5 a4 28. h4 axb3 29. axb3 Qa5 30. h5 Qa2 31. Qd3 Qb2 32. fxg6 hxg6 33. hxg6 fxg6 34. Bxg6 Qd4+ 35. Kh1 Qxd3 36. Bxd3 Bf6 37. Ne6 Bf7 38. Nc7 Ra3 39. Bc2 Ra2 40. Bd1 Na5 41. g4 Be5 42. Nb5 Bg6 43. Bf3 Nxb3 44. Nxd6 0-1

[Event "Titled Tuesday intern op 21st Dec"]
[Site "Chess.com INT"]
[Date "2021.12.21"]
[Round "1"]
[White "Nasyrova, Ekaterina"]
[Black "Rasulov, Vugar Ural Oglu"]
[Result "0-1"]
[WhiteElo "2109"]
[BlackElo "2453"]
[PlyCount "122"]
[EventDate "2021.12.21"]
[EventType "swiss (blitz)"]
[EventRounds "11"]
[EventCountry "USA"]
[SourceTitle "CBM 205 Extra"]
[Source "ChessBase"]
[SourceDate "2022.01.31"]
[SourceVersion "1"]
[SourceVersionDate "2022.01.31"]
[SourceQuality "1"]

1. d4 Nf6 2. c4 g6 3. g3 Bg7 4. Bg2 O-O 5. Nc3 d6 6. Nf3 Bf5 7. O-O Ne4 8. Nh4 Nxc3 9. bxc3 Bc8 10. Rb1 c6 11. Qc2 e5 12. Rd1 Qe7 13. Ba3 exd4 14. cxd4 Bf6 15. e4 Bxh4 16. gxh4 c5 17. e5 Bf5 18. Be4 Bg4 19. f3 Bc8 20. exd6 Qxh4 21. Bxc5 Nd7 22. Ba3 Re8 23. Qf2 Qg5+ 24. Kh1 Nf6 25. Bxb7 Bxb7 26. Rxb7 Qf5 27. Rb5 Qf4 28. Bc1 Qxd6 29. Qg3 Qe6 30. d5 Qe2 31. Rg1 Qxc4 32. Rb3 Qxd5 33. Bb2 Nh5 34. Qh4 Rab8 35. Qd4 Qxd4 36. Bxd4 Rxb3 37. axb3 a6 38. Ra1 Re6 39. Kg2 f6 40. Bc5 Kf7 41. b4 Nf4+ 42. Kg3 Nd3 43. Rd1 Nxc5 44. bxc5 Ke7 45. Rb1 Rc6 46. Rb7+ Ke6 47. Rxh7 Rxc5 48. Ra7 a5 49. Kg4 Rc4+ 50. f4 a4 51. h4 Rb4 52. Ra6+ Kf7 53. Kg3 Kg7 54. Kg4 Rc4 55. Kg3 f5 56. h5 gxh5 57. Kf3 h4 58. Kg2 Rxf4 59. Kh3 Rb4 60. Ra5 Kf6 61. Ra6+ Kg5 0-1

[Event "Titled Tuesday intern op 21st Dec"]
[Site "Chess.com INT"]
[Date "2021.12.21"]
[Round "1"]
[White "Navalgund, Niranjan"]
[Black "Wieczorek, Zbigniew"]
[Result "1-0"]
[WhiteElo "2289"]
[BlackElo "2155"]
[PlyCount "63"]
[EventDate "2021.12.21"]
[EventType "swiss (blitz)"]
[EventRounds "11"]
[EventCountry "USA"]
[SourceTitle "CBM 205 Extra"]
[Source "ChessBase"]
[SourceDate "2022.01.31"]
[SourceVersion "1"]
[SourceVersionDate "2022.01.31"]
[SourceQuality "1"]

1. e4 g6 2. h4 h5 3. Bc4 c6 4. Qf3 d5 5. exd5 Nf6 6. dxc6 Nxc6 7. c3 Bg7 8. d4 O-O 9. Bg5 Qa5 10. Nd2 Bg4 11. Qg3 e5 12. f3 Bf5 13. Nb3 Qa4 14. Be2 exd4 15. Nh3 d3 16. Bd1 Rfe8+ 17. Kf1 Qb5 18. Kg1 a5 19. a4 Qb6+ 20. Kh2 Nd5 21. Nf4 Ne3 22. Ra3 Nxd1 23. Rxd1 Bf8 24. Nxh5 Bxa3 25. Nf6+ Kg7 26. bxa3 Qxb3 27. Rd2 Qxc3 28. h5 Rh8 29. Qh4 Qd4 30. h6+ Kf8 31. Qg3 Rd8 32. Ng4 1-0

[Event "Titled Tuesday intern op 21st Dec"]
[Site "Chess.com INT"]
[Date "2021.12.21"]
[Round "1"]
[White "Osmak, Iulija"]
[Black "Triapishko, Alexandr"]
[Result "0-1"]
[WhiteElo "2419"]
[BlackElo "2506"]
[PlyCount "106"]
[EventDate "2021.12.21"]
[EventType "swiss (blitz)"]
[EventRounds "11"]
[EventCountry "USA"]
[SourceTitle "CBM 205 Extra"]
[Source "ChessBase"]
[SourceDate "2022.01.31"]
[SourceVersion "1"]
[SourceVersionDate "2022.01.31"]
[SourceQuality "1"]

1. b4 Nf6 2. Bb2 g6 3. e3 Bg7 4. Nf3 O-O 5. c4 b6 6. Be2 Bb7 7. O-O d6 8. d4 Nbd7 9. a4 a5 10. b5 Ne4 11. Nfd2 e5 12. Nxe4 Bxe4 13. Nd2 Bb7 14. Bf3 Qc8 15. Bxb7 Qxb7 16. Qf3 Qxf3 17. Nxf3 Rfe8 18. Rfd1 exd4 19. exd4 Re2 20. Rd2 Rxd2 21. Nxd2 Re8 22. Kf1 Nc5 23. Bc3 Nd3 24. Nf3 d5 25. cxd5 Nf4 26. Re1 Rxe1+ 27. Bxe1 Nxd5 28. g3 Kf8 29. Ke2 Ke7 30. Kd3 f6 31. Kc4 Kd6 32. Bd2 c6 33. Ne1 g5 34. g4 Nc7 35. bxc6 Kxc6 36. Nd3 Bf8 37. f4 h6 38. fxg5 hxg5 39. h3 Bd6 40. Be3 Nd5 41. Bd2 Bg3 42. Bc1 Nc7 43. Bd2 Bh2 44. Be3 Nd5 45. Bd2 Bg1 46. Bc1 Be3 47. Ba3 Bd2 48. Bf8 Ne3+ 49. Kb3 Kd5 50. Be7 Kxd4 51. Nf2 Nd5 52. Kc2 Be3 53. Nd3 Nxe7 0-1

[Event "Titled Tuesday intern op 21st Dec"]
[Site "Chess.com INT"]
[Date "2021.12.21"]
[Round "1"]
[White "Panesar, Vedant"]
[Black "Gatterer, Florian"]
[Result "1-0"]
[WhiteElo "2379"]
[BlackElo "2179"]
[PlyCount "53"]
[EventDate "2021.12.21"]
[EventType "swiss (blitz)"]
[EventRounds "11"]
[EventCountry "USA"]
[SourceTitle "CBM 205 Extra"]
[Source "ChessBase"]
[SourceDate "2022.01.31"]
[SourceVersion "1"]
[SourceVersionDate "2022.01.31"]
[SourceQuality "1"]

1. d4 d5 2. c4 c6 3. Nc3 Nf6 4. Nf3 dxc4 5. e4 b5 6. Be2 Bb7 7. e5 Nd5 8. e6 f6 9. a4 b4 10. Ne4 c3 11. bxc3 bxc3 12. O-O g6 13. Nc5 Bc8 14. Bd3 Bg7 15. h4 O-O 16. h5 f5 17. hxg6 hxg6 18. Bg5 Qd6 19. Re1 Nf4 20. Bc4 a5 21. Ne5 Nd5 22. Nxg6 Na6 23. Bxd5 Nxc5 24. dxc5 Qxc5 25. Nxe7+ Kh7 26. Qh5+ Bh6 27. Qxh6# 1-0

[Event "Titled Tuesday intern op 21st Dec"]
[Site "Chess.com INT"]
[Date "2021.12.21"]
[Round "1"]
[White "Papasimakopoulos, Alexandros"]
[Black "Klimciauskas, Domantas"]
[Result "1-0"]
[WhiteElo "2259"]
[BlackElo "2150"]
[PlyCount "79"]
[EventDate "2021.12.21"]
[EventType "swiss (blitz)"]
[EventRounds "11"]
[EventCountry "USA"]
[SourceTitle "CBM 205 Extra"]
[Source "ChessBase"]
[SourceDate "2022.01.31"]
[SourceVersion "1"]
[SourceVersionDate "2022.01.31"]
[SourceQuality "1"]

1. d4 g6 2. c4 Bg7 3. e4 d6 4. Nc3 e5 5. Nge2 Nc6 6. Be3 Nh6 7. f3 f5 8. Qd2 Nf7 9. d5 Ne7 10. h3 f4 11. Bf2 g5 12. Nc1 c5 13. dxc6 bxc6 14. Be2 Be6 15. b3 Qc7 16. Nd3 O-O 17. Rc1 Rad8 18. O-O h5 19. Rfd1 Qc8 20. Bxa7 g4 21. hxg4 hxg4 22. fxg4 Bxg4 23. Bxg4 Qxg4 24. Qe2 Qg6 25. Bb6 Rb8 26. Bf2 Bf6 27. Ne1 Kg7 28. c5 d5 29. exd5 cxd5 30. Nxd5 Nxd5 31. Rxd5 Rh8 32. Nf3 e4 33. Nd4 f3 34. Nf5+ Kg8 35. Qf1 Ng5 36. Bg3 Rf8 37. Qc4 Kh7 38. gxf3 Nxf3+ 39. Kf2 Bg7 40. Rh1+ 1-0

[Event "Titled Tuesday intern op 21st Dec"]
[Site "Chess.com INT"]
[Date "2021.12.21"]
[Round "1"]
[White "Perez, Flavio"]
[Black "Manukyan, Artyom"]
[Result "0-1"]
[WhiteElo "2272"]
[BlackElo "2106"]
[PlyCount "128"]
[EventDate "2021.12.21"]
[EventType "swiss (blitz)"]
[EventRounds "11"]
[EventCountry "USA"]
[SourceTitle "CBM 205 Extra"]
[Source "ChessBase"]
[SourceDate "2022.01.31"]
[SourceVersion "1"]
[SourceVersionDate "2022.01.31"]
[SourceQuality "1"]

1. e4 e6 2. Nf3 d5 3. e5 c5 4. b4 cxb4 5. d4 Nc6 6. a3 f6 7. axb4 Bxb4+ 8. c3 Be7 9. Bd3 fxe5 10. dxe5 Qc7 11. Qe2 Bd7 12. O-O Bc5 13. Na3 Nge7 14. Nb5 Qb8 15. Nbd4 Ng6 16. Re1 Nxd4 17. cxd4 Be7 18. Qc2 O-O 19. Bxg6 hxg6 20. Qxg6 Qe8 21. Qg4 Rf5 22. Ba3 a5 23. h4 a4 24. Ng5 Bxa3 25. Rxa3 Qg6 26. Rg3 Raf8 27. h5 Qh6 28. Re2 Rf4 29. Qh3 Rxd4 30. Nf3 Rd1+ 31. Kh2 Be8 32. Rg5 a3 33. Qg4 Rd3 34. Nh4 Rd4 35. Qg3 Bxh5 36. Ra2 Bf7 37. Kh3 Rxh4+ 38. Qxh4 Qxh4+ 39. Kxh4 Ra8 40. Rg3 Ra4+ 41. Kh3 Re4 42. Raxa3 Rxe5 43. Ra7 b5 44. Rc3 Kh7 45. Rcc7 Kg6 46. Rxf7 Rh5+ 47. Kg3 Rg5+ 48. Kh2 Kh5 49. Rxg7 Re5 50. Rgb7 Kg4 51. Ra5 Kf5 52. Raxb5 Ke4 53. R7b6 d4 54. Ra5 Rxa5 55. Rxe6+ Re5 56. Rd6 d3 57. f3+ Ke3 58. Kg3 d2 59. f4 Re4 60. f5 Rd4 61. Re6+ Kd3 62. f6 d1=Q 63. f7 Qg4+ 64. Kh2 Qxe6 0-1